00566nam a2200181 i 450000100060000000300090000600500170001500700030003200800410003510000300007624501050010625000120021126000620022330000350028570000220032085200210034285200210036321936ES-MaACL20230906152556.0t|021128s1902 it ||||1| ita d1 aAlessandri, Paolo Emilio.13aLa pratica delle disinfezioni pubbliche e private / cper Paolo Emilio Alessandri e Luciano Pizzini. a2ยช ed. aMilano : bUlrico Hoepli, c1902 (eFirenze : fS. Landi) aVII, 258 p. : bil. ; c16 cm.1 aPizzini, Luciano. aES-MaACLjD-3621 aES-MaACLjF-4561